| 000 | 00638na a2200241 4500 | ||
|---|---|---|---|
| 001 | 15053 | ||
| 003 | MIRAKIL | ||
| 005 | 20181213154921.0 | ||
| 008 | 161028b tu 000 0 | ||
| 020 | _a8126400390 | ||
| 035 | _a15017 | ||
| 040 |
_aMilas _btur _cTR-AnCHP |
||
| 041 | _aeng | ||
| 082 |
_a923.1 Nehru,J. _bN26 1999 |
||
| 090 | _a923.1 Nehru,J. N26 1999 | ||
| 100 | _aNarayanan, K.R. | ||
| 245 |
_aNehru and his vision _cK.R. Narayanan |
||
| 260 |
_aKerala _bDC Books _c1999 |
||
| 300 |
_a138 s. _c21 sm. |
||
| 600 |
_aNehru, Jawaharlal _d1889 - 1964 _xSiyasal yaşamı |
||
| 651 |
_aHindistan _xTarih |
||
| 942 |
_2ddc _cBKS |
||
| 999 |
_c3108 _d3108 |
||